000 00378nam a22001457a 4500
999 _c3257
_d3257
008 200323b ||||| |||| 00| 0 eng d
082 0 0 _a517
_bT4681
100 _9397
_aThompson, J. E.
245 1 0 _aCalculus for the practical man
_cby J. E. Thompson
260 _aPrinceton
_bVan-Nostrand
_c1946
300 _axvi,342 p.
365 _d15.25
650 0 _aMathematics
942 _cBK